Campeões da Copa das Nações Árabes - Statistics

Estatísticas Gerais
  • Esse quiz foi jogado 62 vezes
  • A pontuação média é 9 de 10
Estatísticas das Respostas
Edição Campeão % Correto
1992 Egito
98%
1998 Arábia Saudita
95%
2002 Arábia Saudita
95%
1964 Iraque
89%
1966 Iraque
89%
1985 Iraque
89%
1988 Iraque
89%
2012 Marrocos
81%
2021 Argélia
79%
1963 Tunísia
70%
Nenhum quiz correspondente encontrado
Distribuição das Pontuações
Porcentagem de Pessoas com Cada Pontuação
Percentil de Números Respondidos
Sua Pontuação Histórica
Você não jogou esse quiz